000 00642nam a2200229Ia 4500
003 OSt
005 20221007081511.0
006 a|||||r|||| 00| 0
007 ta
008 221006b |||||||| |||| 00| 0 eng d
024 _a18,127
037 _cTextual
040 _aFLL
_cFLL
_beng
041 _2eng
_aeng
082 _aZb4, L7
100 _aJacobstein J. Myron
_9686889
245 0 _aFundamentals of legal research and legal research illustrated
260 _aNew York
_bThe Foundation Press, Inc. USA
_c1980
300 _a262p
_ccm.
942 _hZb4, L7
_cTEXL
_2CC
999 _c1163257
_d1163257